Dopasuj Artystę do Zespołu - klikanie - Statystyki

Ogólne statystyki
  • Ten quiz został rozwiązany 31 razy
  • Średni wynik to 12 z 20
Statystyki odpowiedzi
Hint Odpowiedź % Poprawnych
Axl Rose Guns N' Roses
92%
Kurt Cobain Nirvana
92%
Freddie Mercury Queen
92%
Mick Jagger The Rolling Stones
88%
Paul McCartney The Beatles
85%
Ozzy Osbourne Black Sabbath
81%
Sting The Police
77%
Steven Tyler Aerosmith
69%
Robert Plant Led Zeppelin
62%
James Hetfield Metallica
62%
Jim Morrison The Doors
62%
Chester Bennington Linkin Park
58%
Liam Gallagher Oasis
58%
David Gilmour Pink Floyd
58%
Bruce Dickinson Iron Maiden
42%
Layne Staley Alice in Chains
38%
Eddie Vedder Pearl Jam
35%
Thom Yorke Radiohead
27%
Paul Stanley KISS
23%
Joe Strummer The Clash
23%
Nie znaleziono quizów pasujących do podanych kryteriów
Rozkład punktacji
Procent ludzi z każdym wynikiem
Percentyl według liczby udzielonych odpowiedzi
Twoja historia wyników
Nie rozwiązałeś tego quizu